000 01262nam a2200337 a 4500
003 OSt
005 20160210155815.0
008 851120s1986 dcua bc 001 0 eng 0
010 _a 85029696
020 _a0894680870 (pbk.)
035 _aABF1663LB
035 _a(OCoLC)ocm12949912
039 0 _a2
_b3
_c3
_d3
_e3
040 _aDLC
_cDLC
_dSMI
_dWaOLN
049 _l39088000544429
050 0 0 _aND1839.H6
_bA4 1986X
099 _aND1839.H6A4 1986X
100 1 _aCooper, Helen A.
245 1 0 _aWinslow Homer watercolors /
_cHelen A. Cooper.
260 _aWashington :
_bNational Gallery of Art ;
_aNew Haven :
_bYale University Press,
_cc1986.
300 _a259 p. :
_bill. (some col.) ;
_c29 cm.
500 _a"Exhibition dates: National Gallery of Art, Washington, March 2- May 11, 1986; Amon Carter Museum, Fort Worth, June 6-July 27, 1986; Yale University Art Gallery, New Haven, September 11-November 2, 1986"--T.p. verso.
504 _aIncludes bibliographies and index.
600 1 0 _aHomer, Winslow,
_d1836-1910
_vExhibitions.
710 2 _aNational Gallery of Art (U.S.)
710 2 _aAmon Carter Museum of Western Art
710 2 _aYale University.
_bArt Gallery
942 _2lcc
_cGEN
945 _acm
945 _anok 10/2/86 added nmaa
999 _c10722
_d10722